Normal view
MARC view
Entry Personal Name
001 - CONTROL NUMBER
- control field: 7570
003 - CONTROL NUMBER IDENTIFIER
- control field: BD-RjUL
005 - DATE AND TIME OF LATEST TRANSACTION
- control field: 20230518153654.0
008 - FIXED-LENGTH DATA ELEMENTS
- fixed length control field: 230518|| aca||aabn | a|a d
040 ## - CATALOGING SOURCE
- Original cataloging agency: BD-RjUL
- Transcribing agency: BD-RjUL
100 ## - HEADING--PERSONAL NAME
- Personal name: Lewis, David,
- Dates associated with a name: 1960-
670 ## - SOURCE DATA FOUND
- Source citation: Work cat.: (BD-RjUL)81417: Lewis, David, 1960-, Bangladesh :, 2011.